[Event "RUS-chT 11th"]
[Site "Sochi"]
[Date "2004.04.24"]
[Round "5.6"]
[White "Iljin, Artem"]
[Black "Skatchkov, Pavel"]
[Result "0-1"]
[WhiteElo "2481"]
[BlackElo "2496"]
[Annotator "Atlas,V"]
[PlyCount "82"]
[EventDate "2004.04.20"]
[EventType "team-tourn"]
[EventRounds "9"]
[EventCountry "RUS"]
[SourceTitle "EXT 2020"]
[Source "ChessBase"]
[SourceDate "2019.10.17"]
[SourceVersion "1"]
[SourceVersionDate "2019.10.17"]
[SourceQuality "1"]
[WhiteTeam "Kazan Ladya"]
[BlackTeam "Togliatti Lada"]
[WhiteTeamCountry "RUS"]
[BlackTeamCountry "RUS"]

1. c4 Nf6 2. Nf3 c6 3. e3 d5 4. Qc2 g6 5. b3 Bg7 6. Bb2 O-O 7. Be2 Bf5 8. d3
Na6 9. a3 Rc8 10. O-O Nc5 11. Rd1 b5 12. Bd4 Ncd7 13. Nbd2 Re8 14. e4 Bg4 15.
h3 Bxf3 16. Nxf3 e5 17. Bxa7 bxc4 18. dxc4 Nxe4 19. b4 Kh8 20. Rac1 Nd6 21. Qb3
d4 22. c5 Nf5 23. g4 $2 ({The careless Das gierige} 23. Qxf7 $4 {is refuted by
wird widerlegt durch} Rc7 $1 {, winning the bishop. mit Gewinn des Läufers.}) (
23. b5 {was to be preferred. war vorzuziehen.}) 23... e4 $1 24. gxf5 exf3 25.
Bxf3 Ne5 26. Bg2 Bh6 27. Rb1 Qd7 28. Bb6 gxf5 29. b5 Rg8 30. Kh1 f4 $1 {
[%csl Gd7,Ge5,Gf4,Rg2,Gg8,Rh3][%cal Gd7h3,Gg8g2] Now Black's attack is
irresistible. Nun ist der schwarze Angriff unwiderstehlich.} 31. Re1 Rxg2 $1
32. Rxe5 (32. Kxg2 {fails to scheitert an} f3+ 33. Kh2 Bf4+ {, with mate in
two. nebst Matt in zwei.}) 32... Rcg8 33. Rh5 Rxf2 34. bxc6 Qxc6+ 35. Qd5 Qg6
36. Qxd4+ f6 37. Qxf2 Qxb1+ 38. Kh2 {[%tqu "En","White's king is in very bad
shape. How can Black to finish it off?","Try to 'overload' the white queen.",
"Use the f4-pawn for the decisive blow.","f4f3","This nice move decides the
game for Black.",3,"De","Der weiße König ist sehr schlimm dran. Wie kann
Schwarz ihn erlegen?","Versuchen Sie, die weiße Dame zu 'überlasten'.",
"Versetzen Sie mit dem Bauern f4 dem Gegner den entscheidenden Schlag.","f4f3",
"Dieser hübsche Zug entscheidet die Partie für Schwarz.",3]} f3 $1 {[%csl Gb1,
Rf2,Rg1,Rg2,Gg8,Rh2,Gh6][%cal Gg8g2,Gb1g1,Gh6f4] This efficient pawn move
creating manifold threats, impressively concludes Black's attack. Dieser
effiziente Bauernzug stellt vielfältige Drohungen auf und bildet einen schönen
Abschluss des schwarzen Angriffs.} 39. Rxh6 (39. Qxf3 Qg1#) 39... Rg2+ 40. Qxg2
fxg2 41. Kxg2 Qe4+ {White resigned in view of the loss of his rook: Weiß gab
auf, denn er verliert den Turm:} (41... Qe4+ 42. Kf2 (42. Kg3 Qe3+) 42... Qf4+)
0-1

[Event "EU-ch 4th"]
[Site "Istanbul"]
[Date "2003.06.13"]
[Round "13"]
[White "Stefansson, Hannes"]
[Black "Mastrovasilis, Dimitrios"]
[Result "0-1"]
[WhiteElo "2565"]
[BlackElo "2456"]
[Annotator "Atlas,V"]
[PlyCount "58"]
[EventDate "2003.05.30"]
[EventType "swiss"]
[EventRounds "13"]
[EventCountry "TUR"]
[SourceTitle "CBM 096"]
[Source "ChessBase"]
[SourceDate "2003.09.25"]
[SourceVersion "1"]
[SourceVersionDate "2003.09.25"]
[SourceQuality "1"]

1. c4 c6 2. Nf3 d5 3. e3 Nf6 4. Qc2 e6 5. Nc3 Nbd7 6. b3 Bd6 7. Bb2 a6 8. Be2
Qe7 9. d4 O-O 10. O-O dxc4 11. bxc4 e5 12. c5 Bc7 13. h3 Re8 14. Bc4 b5 15.
cxb6 Nxb6 16. Bb3 exd4 17. exd4 Be6 18. Na4 Nxa4 19. Bxa4 Bd5 20. Rfe1 Qd6 21.
Ne5 Rac8 22. Re3 Nd7 23. Ba3 Qh6 24. Ng4 Qf4 25. Rxe8+ Rxe8 26. Bxc6 Bxc6 27.
Qxc6 Qxd4 {The chances are about equal. Who could expect that the game will
last only two more moves?} 28. Rc1 Bf4 29. Bc5 $4 ({A terrible mistake.
Correct was} 29. Rf1 {, and chances are about equal.}) {[%tqu "En","White's
last move was a serious mistake. How would you prove it?","Exploit the
weakness of White's back rank.","Try to deflect the white rook.","d4c5","This
elegant move wins on the spot.",5]} 29... Qxc5 $1 {[%csl Rc1,Ge8,Gf4,Rg1][%cal
Ge8e1,Gf4h2] An impressive refutation of White's untimely bishop thrust. White
loses a piece and the game.} (29... Qxc5 $1 {, and White resigned in view of
the lines:} 30. Qxc5 (30. Qxd7 Qxc1+) (30. Rxc5 Re1#) 30... Nxc5 31. Rxc5 Re1#)
0-1

[Event "Sigeman & Co 05th"]
[Site "Malmo"]
[Date "1997.06.15"]
[Round "6"]
[White "Hellsten, Johan"]
[Black "Hector, Jonny"]
[Result "0-1"]
[WhiteElo "2485"]
[BlackElo "2500"]
[Annotator "Baburin,A"]
[PlyCount "92"]
[EventDate "1997.06.10"]
[EventType "tourn"]
[EventRounds "9"]
[EventCountry "SWE"]
[EventCategory "13"]
[SourceTitle "CBM 060"]
[Source "ChessBase"]
[SourceDate "1997.09.29"]
[SourceVersion "1"]
[SourceVersionDate "1997.09.29"]
[SourceQuality "1"]

1. Nf3 d5 2. g3 c6 3. Bg2 Bg4 4. c4 e6 5. cxd5 exd5 6. O-O Bd6 7. d3 Nf6 8.
Nbd2 O-O 9. b3 Qe7 10. a3 Re8 11. Re1 Nbd7 12. Bb2 a5 13. Qc2 Bc5 14. Nd4 Ne5
15. e3 Bb6 16. h3 Bd7 17. e4 Qc5 18. Bc3 dxe4 19. dxe4 Qd6 $5 {Suddenly White
has trouble defending his most centralised piece - the knight on d4. Obviously
what he played in the game was an oversight, but how should he deal with the
problem?} 20. N2f3 $4 {This is just a blunder. White clearly forgot about the
g3-square, yet the black queen isn't as far away from it as it looks.} ({After
} 20. Nf5 $2 Bxf5 21. exf5 {by playing} Bxf2+ $1 {Black would have highlighted
the vulnerability of the f2-square, which my colleague GM King disccussed in
CBM-59. Then Black's attack is victorious:} 22. Kxf2 Nd3+ 23. Kf1 Qxg3 $1 {
This is the most energetic way of exploiting Black's advantage.} ({The more
prosaic approach -} 23... Rxe1+ 24. Rxe1 Nxe1 25. Kxe1 Qxg3+ {- is also
winning for Black after} 26. Kf1 Nd5) 24. Rxe8+ Rxe8 25. Nc4 Nd5 $19) ({
On account of the inadequate tries 20 N2f3?? and 20 Nf5? White has to retreat
modestly -} 20. Ne2 $1 {when Black does not have anything decisive yet.}) 20...
Nxf3+ 21. Nxf3 Qxg3 $1 {The game is over now.} 22. Kf1 Nh5 $1 23. Red1 Qc7 24.
Qd2 Be6 25. Qg5 g6 26. e5 Qe7 27. Qh6 Qf8 28. Qxf8+ Rxf8 29. Kg1 Nf4 30. Bf1
Nxh3+ 31. Bxh3 Bxh3 32. Ng5 Bf5 33. e6 Bxe6 34. Ne4 Rfd8 35. Nf6+ Kf8 36. Nxh7+
Ke8 37. Nf6+ Ke7 38. Ne4 Rd5 39. Bf6+ Kd7 40. Nc3 Rxd1+ 41. Rxd1+ Ke8 42. Ne4
Bxb3 43. Nd6+ Kd7 44. Nc4+ Bxd1 45. Nxb6+ Ke6 46. Nxa8 Kxf6 0-1

[Event "Bundesliga 9293"]
[Site "Germany"]
[Date "1992.??.??"]
[Round "?.2"]
[White "Seul, Georg"]
[Black "Bangiev, Alexander J"]
[Result "1-0"]
[WhiteElo "2415"]
[BlackElo "2395"]
[Annotator "Bangiev,A"]
[PlyCount "67"]
[EventDate "1992.10.24"]
[EventType "team-tourn"]
[EventRounds "15"]
[EventCountry "GER"]
[SourceTitle "CBM 038"]
[Source "ChessBase"]
[SourceDate "1994.02.01"]
[SourceVersion "1"]
[SourceVersionDate "1994.02.01"]
[SourceQuality "1"]
[WhiteTeam "Koblenz"]
[BlackTeam "Bielefeld"]
[WhiteTeamCountry "GER"]
[BlackTeamCountry "GER"]

1. g3 d5 2. Bg2 Nf6 3. Nf3 Bg4 4. c4 c6 5. cxd5 (5. Ne5 Bh5 6. cxd5 Nxd5 $5)
5... cxd5 (5... Bxf3 $5 6. Bxf3 cxd5) 6. Ne5 $1 Bf5 7. Nc3 e6 $6 (7... Nbd7 8.
d4 e6 9. O-O $14) 8. g4 $1 Bg6 9. h4 $1 $16 Bd6 (9... h6 10. Nxg6 fxg6 11. Qc2
Kf7 12. h5 $16) (9... h5 10. Nxg6 fxg6 11. g5 $16) 10. d4 $1 (10. Qa4+ Nbd7 11.
Nxd7 (11. d4 h6 12. Nxg6 fxg6 13. Qc2 Kf7 $14) 11... Qxd7 12. Qxd7+ (12. h5
Qxa4 13. Nxa4 Bc2 $13) 12... Kxd7 13. h5 Bc2 $13) 10... O-O (10... Bxe5 11.
dxe5 Nxg4 $2 12. Qa4+ $18) 11. h5 Bxe5 12. dxe5 Nxg4 13. hxg6 fxg6 14. f4 $1 (
14. Qd4 Nxf2 15. Rf1 Nc6 $13) 14... Qb6 (14... Nc6 15. e4 $1 $16) 15. Rf1 Qd8 (
15... Nh2 16. Nxd5 $1 (16. Rh1 Ng4) 16... Qd8 (16... exd5 17. Qxd5+ Kh8 18.
Qxb7 $16) 17. Nf6+ $1 gxf6 18. Qxd8 Rxd8 19. Rh1 $16) 16. e3 $1 Qh4+ 17. Kd2
Nh2 (17... Nc6 18. Kc2 $1 (18. Rh1 Qf2+ 19. Qe2 d4 $1 $13) 18... Rac8 19. Kb1
$16) 18. Rh1 d4 $5 19. Ne2 $1 (19. exd4 Rxf4 $13) 19... dxe3+ 20. Kc2 $1 Rc8+
21. Kb1 Nc6 (21... Qg4 22. Be4 $1 $16) 22. Bxe3 Nb4 23. Nc3 Qg3 24. Qe2 Rd8 25.
Ne4 Qg4 26. Qxg4 Nxg4 27. Bc1 Rac8 28. Nd6 Rc7 29. Bd2 Nd3 30. Rh3 Ndf2 (30...
Ndxe5 31. fxe5 Nxe5 32. Ne4 $18) 31. Rb3 b6 32. a4 g5 33. a5 bxa5 $2 34. Bxa5
1-0

[Event "RUS-ch"]
[Site "Elista"]
[Date "1994.??.??"]
[Round "5"]
[White "Makarov, Marat"]
[Black "Aseev, Konstantin N"]
[Result "1/2-1/2"]
[WhiteElo "2525"]
[BlackElo "2540"]
[Annotator "Belov,I"]
[PlyCount "158"]
[EventDate "1994.09.??"]
[EventType "swiss"]
[EventRounds "11"]
[EventCountry "RUS"]
[SourceTitle "CBM 044"]
[Source "ChessBase"]
[SourceDate "1995.02.01"]
[SourceVersion "1"]
[SourceVersionDate "1995.02.01"]
[SourceQuality "1"]

1. c4 Nf6 2. g3 c6 3. Nf3 d5 4. Bg2 dxc4 5. Qc2 (5. O-O b5 (5... Be6 6. Ng5 $1
Bf5 7. Na3 h6 8. Nf3 Be6 9. Qc2 b5 10. Ne5 Qc7 11. d4 $44 {Dautov}) 6. Nc3 e6
7. b3 cxb3 8. Qxb3 a6 9. d4 Be7 10. Bg5 O-O 11. Rac1 $44 {Pigusov,E-Sveshnikov,
E/Helsinki/1992/}) (5. Na3 Be6 (5... Qd5 6. O-O e5 $6 7. Ng5 $1 e4 8. d3 Bxa3
9. bxa3 cxd3 10. exd3 Qxd3 11. Nxe4 $1 Qxd1 12. Nxf6+ gxf6 13. Rxd1 $44 {
Szabo,L-Short,N/Hastings/1981/1:0/27/}) 6. Ng5 Bd5 7. e4 h6 8. exd5 hxg5 9.
dxc6 Nxc6 10. Nxc4 e6 11. O-O $14 {Pigusov,E-Tukmakov,V/Sochi/1987/1:0/41/})
5... Qd5 (5... b5 6. a4 Bb7 7. b3 cxb3 8. Qxb3 a6 9. Ba3 Nbd7 10. O-O e6 11.
Bxf8 Kxf8 12. Rc1 Qb6 13. Na3 g6 14. Qb2 $44 {Salov,V-Anand,V/Linares/1993/})
6. O-O (6. Na3 $32 b5 7. Nh4 Qc5 8. d3 $14) 6... Bf5 7. Qc3 e6 8. b3 cxb3 9.
axb3 Bxb1 (9... Be7 10. d3 Qc5 11. Qd2 Qb6 12. Na3 O-O 13. Nc4 Qc7 14. Bb2 $44)
10. Rxb1 a5 $1 (10... Be7 11. b4) 11. d4 Be7 12. Ne5 Qd8 13. Bb2 O-O 14. e4 Na6
$15 (14... Nbd7 15. Nd3) 15. f4 Nc7 (15... g6 $5 16. f5 $140 exf5 17. exf5 Nb4
$17) 16. f5 Nb5 17. Qe3 exf5 18. Rxf5 a4 $1 19. bxa4 Rxa4 20. Rd1 Rb4 (20...
Nd7 $5 21. Nd3 Qb6) 21. Ba1 c5 (21... Nd7 22. Nd3 Rb3 $17) 22. d5 Nd4 $6 (22...
c4 $5) 23. Bxd4 cxd4 24. Qe2 Ne8 (24... Qa5 25. d6 Bxd6 26. Nc6 $13) 25. Nd3
$44 Nd6 26. Rff1 Rb6 27. Qc2 (27. e5 Nc4 28. d6 Bg5 $15) 27... Nb5 28. Qc4 Qc8
$6 (28... Bg5 $32 29. e5 Be3+ 30. Kh1 Nc3 $13) 29. Qxc8 Rxc8 30. e5 (30. Rb1
Bd8) 30... Nc3 31. Ra1 Rb3 $2 (31... f6 $5) 32. d6 Bf8 (32... Bg5 33. Nc5) 33.
Nc5 $1 $16 Rb5 (33... Rxc5 34. Ra8 {/\ d7+-}) 34. Nxb7 Rb8 $8 35. Na5 d3 (35...
f6 $5 36. Nc6 fxe5 37. Nxb8 Rxb8) 36. Nc6 d2 37. Nxb8 Rxb8 38. Rad1 $2 (38. Bf3
$1 f6 39. Ra3 $1 Nb5 40. Rd3 $18) 38... Nxd1 39. Rxd1 g6 (39... f6 $10) 40.
Rxd2 Bg7 41. d7 $8 Rd8 42. Rd5 $14 Kf8 43. Bh3 Ke7 44. Kg2 h5 45. Kf3 Bh6 46.
Ke4 Bc1 47. Rb5 Bd2 48. Kd5 Be3 49. Rb2 Bg1 50. Rc2 Bb6 51. Rc8 Bg1 52. Kc6 Bd4
(52... Bxh2 $2 53. Kc7 Bxg3 54. Rxd8 Bxe5+ 55. Kc8 $18) 53. e6 f5 (53... fxe6
54. Bxe6) 54. Kd5 Bf6 55. Bf1 Bg7 56. Bd3 Bf6 57. Bc2 Bg7 58. Bb1 Bf6 59. Bd3
Bg7 60. Rc2 Bf6 61. h3 Rh8 62. Rf2 Ra8 63. g4 hxg4 64. hxg4 Ra5+ (64... fxg4
65. Rxf6 Kxf6 66. Kd6 $18) 65. Kc6 Kxe6 66. gxf5+ gxf5 67. Re2+ Kf7 68. Bc4+
Kg7 69. Rg2+ Kh6 $8 70. Kd6 Ra8 71. Ke6 Rf8 $10 72. Bd3 Bd8 73. Bxf5 Rf6+ 74.
Ke5 Rf8 75. Rg6+ Kh7 76. Re6+ Kg7 77. Re8 Bf6+ 78. Ke4 Bd8 79. Bg4 Bh4 $10
1/2-1/2

[Event "Moscow Aeroflot op-A 15th"]
[Site "Moscow"]
[Date "2016.03.06"]
[Round "6"]
[White "Wei, Yi"]
[Black "Kobalia, Mihail"]
[Result "0-1"]
[WhiteElo "2714"]
[BlackElo "2632"]
[Annotator "Besenthal,K"]
[PlyCount "96"]
[EventDate "2016.03.01"]
[EventType "swiss"]
[EventRounds "9"]
[EventCountry "RUS"]
[SourceTitle "CBM 171"]
[Source "ChessBase"]
[SourceDate "2016.03.14"]
[SourceVersion "2"]
[SourceVersionDate "2016.03.14"]
[SourceQuality "1"]

1. Nf3 d5 2. c4 c6 3. e3 Nf6 4. Nc3 e6 5. b3 Bd6 6. Bb2 O-O 7. Be2 Re8 8. Qc2
e5 9. cxd5 cxd5 10. Nb5 Nc6 11. Nxd6 Qxd6 12. d4 Nb4 13. Qd2 e4 14. Ne5 Nd7 15.
O-O f6 16. a3 Na6 17. f4 exf3 18. Nxf3 Nf8 19. Bd3 Bd7 20. Rae1 Qb6 21. Bc2
Rac8 22. Rf2 Bc6 23. a4 Qb4 24. Bc3 Qd6 25. Bd3 Bd7 26. h3 Qb6 27. Rb1 Qc7 28.
Ba5 Qg3 29. Kh1 Nb8 30. Bb4 Nc6 31. Bxf8 Rxf8 32. Rbf1 Rfe8 33. Re2 a5 34. e4
Nb4 35. Bb1 dxe4 36. Rxe4 Rxe4 37. Bxe4 Re8 38. Re1 f5 39. Bxb7 Rxe1+ {
Diagramm [#] Eine - bei begrenzter Bedenkzeit - extrem schwer einzuschätzende
Stellung. Es wird aber schnell klar, dass Weiß im Endspiel auf b3 und a4 zwei
extrem schwache Bauern hat, was ihn schließlich die Partie kostet. Hätte Wei
dies erkannt, dann hätte er die Damen mit Sicherheit auf dem Brett gelassen.
Schwarz hätte es sich in diesem Fall nicht leisten können, beide weiße
Damenflügelbauern einzukassieren, da der Anziehende in der Zwischenzeit über
den schwarze König hergefallen wäre.} 40. Qxe1 $2 (40. Nxe1 $1 Qxb3 41. Qg5
Qxa4 (41... Bxa4 42. Qd8+ Kf7 43. Nf3 $18) 42. Qd8+ Kf7 43. Nf3 $18) 40...
Qxe1+ 41. Nxe1 Be6 42. d5 Nxd5 43. Nc2 Kf7 44. Kg1 Kf6 {Diagramm [#]} 45. Ba6 {
Allem bislang Gesagtem zum Trotz: Erst dieser Zug ist der entscheidende Fehler.
} (45. Nd4 $1) 45... Nc7 46. Bc4 Bxc4 47. bxc4 Ne6 48. Kf2 Ke5 {Der Ba4 geht
verloren.} 0-1

[Event "Saint Quentin op 4th"]
[Site "Saint Quentin"]
[Date "2001.04.19"]
[Round "6.3"]
[White "Eingorn, Vereslav S"]
[Black "Delchev, Aleksander"]
[Result "0-1"]
[WhiteElo "2589"]
[BlackElo "2587"]
[Annotator "Bulletin"]
[PlyCount "58"]
[EventDate "2001.04.15"]
[EventType "swiss"]
[EventRounds "9"]
[EventCountry "FRA"]
[SourceTitle "EXT 2002"]
[Source "ChessBase"]
[SourceDate "2001.11.25"]
[SourceVersion "1"]
[SourceVersionDate "2001.11.25"]
[SourceQuality "1"]

1. Nf3 Nf6 2. c4 c6 3. Nc3 d5 4. e3 e6 5. b3 Nbd7 6. Bb2 e5 7. cxd5 cxd5 {
A ete essaye avec succes le modeste Fe2.} 8. Qc1 $5 {Prepare l'echange du
futur mauvais fou !} (8. Be2 a6 9. a3 Bd6 10. b4 b5 11. Qb3 Bb7 12. a4 $1) 8...
a6 9. Ba3 Be7 10. Be2 O-O 11. d4 e4 12. Nd2 Re8 13. Bxe7 Rxe7 14. Qa3 Nf8 15.
O-O Rc7 16. Rfc1 Bd7 17. Na4 Bb5 18. Bf1 Rac8 19. Qb2 Rc6 {d'un cote, les
noirs ont l'avantage sur la colonne "b" puisqu'ils ont double leurs tours,
d'un autre cote, les blancs ont en vue les cases b6 et surtout c5 qui est un
avant-poste.} 20. Rxc6 Rxc6 21. Rc1 Ng4 22. Rxc6 (22. h3 Qc7 $1 $19) 22... Qh4
$1 $19 {Apres les preliminaires sur la colonne "c", les noirs passent aux
choses serieuses.} 23. Bxb5 Qxf2+ 24. Kh1 axb5 25. Rc1 Qxe3 26. h3 Nf2+ 27. Kh2
Nd3 28. Nf1 Qf4+ 29. g3 Qf6 0-1

[Event "Plovdiv"]
[Site "Plovdiv"]
[Date "1986.??.??"]
[Round "9"]
[White "Kirov, Nino"]
[Black "Kurtenkov, Atanas"]
[Result "1/2-1/2"]
[WhiteElo "2485"]
[BlackElo "2455"]
[Annotator "Bulletin"]
[PlyCount "77"]
[EventDate "1986.06.24"]
[EventType "tourn"]
[EventRounds "11"]
[EventCountry "BUL"]
[EventCategory "10"]
[SourceTitle "EXT 2000"]
[Source "ChessBase"]
[SourceDate "1999.11.16"]
[SourceVersion "1"]
[SourceVersionDate "1999.11.16"]
[SourceQuality "1"]

1. g3 d5 2. Nf3 Bg4 3. Bg2 e6 4. c4 c6 5. h3 Bxf3 6. Bxf3 Nd7 7. cxd5 exd5 8.
O-O Ngf6 9. Nc3 Bd6 10. d3 O-O 11. Bg2 Re8 12. Qc2 Qb6 13. e4 Rac8 14. Be3 c5
15. Ne2 d4 16. Bf4 Nh5 17. Bxd6 Qxd6 18. b3 b6 19. f4 g6 20. g4 Ng7 21. e5 Qe6
22. Ng3 f5 23. Qc4 Qxc4 24. bxc4 Nf8 25. gxf5 Nxf5 26. Bd5+ Ne6 27. Nxf5 gxf5
28. Kf2 Kf7 29. a4 Ke7 30. Bxe6 Kxe6 31. Rg1 Rg8 32. Rxg8 Rxg8 33. Rg1 $2 (33.
a5 $14) 33... Rxg1 34. Kxg1 a5 35. Kf2 Kf7 36. Kg3 Kg7 37. Kh4 Kg6 38. Kg3 (38.
e6 $4 Kf6 39. Kh5 Kxe6 40. Kg5 b5 $1 $19) 38... Kf7 39. Kg2 1/2-1/2

[Event "ROM-GER Kings"]
[Site "Medias"]
[Date "2015.10.31"]
[Round "2.3"]
[White "Marin, Mihail"]
[Black "Bluebaum, Matthias"]
[Result "1/2-1/2"]
[WhiteElo "2580"]
[BlackElo "2588"]
[Annotator "Bulmaga,I"]
[PlyCount "65"]
[EventDate "2015.10.30"]
[EventType "schev"]
[EventRounds "5"]
[EventCountry "ROU"]
[SourceTitle "CBM 169"]
[Source "ChessBase"]
[SourceDate "2015.11.10"]
[SourceVersion "1"]
[SourceVersionDate "2015.11.10"]
[SourceQuality "1"]
[WhiteTeam "Romania"]
[BlackTeam "Germany"]
[WhiteTeamCountry "ROU"]
[BlackTeamCountry "GER"]
[TimeControl "40/5400+30:1800+30"]

1. Nf3 d5 2. g3 g6 3. Bg2 Bg7 4. d4 c6 5. O-O Nf6 6. b3 a5 7. c4 O-O 8. Nc3 Ne4
9. Bb2 Nxc3 10. Bxc3 Bf5 11. e3 Be4 12. Qe2 Nd7 13. Rfc1 Nf6 14. Bf1 Bxf3 15.
Qxf3 Ne4 16. Be1 {[#]} e5 $6 {Ein sehr "jugendlicher" und konkreter Zug, mit
dem Schwarz die Stellung öffnen will. Da Weiß das Läuferpaar hat, ist er
jedoch vielleicht nicht allzu gut.} (16... e6 {war vermutlich vorsichtiger und
besser. Schwarz will ...f5 spielen, um die Struktur zu stabilisieren und
anschließend mit ...g5 einen Angriff am Königsflügel einzuleiten. Nach 16...
e6 gefällt mir die schwarze Stellung besser.} 17. cxd5 exd5 18. b4 axb4 19.
Bxb4 Re8 20. a4 {GM Marin meinte, diese Variante hätte er 1996 in Eriwan
schon einmal gespielt.}) 17. dxe5 Bxe5 18. Rab1 Qd6 19. Rc2 Qe6 20. Bg2 f5 21.
cxd5 Qxd5 22. Rd1 Qf7 (22... Qe6 $6 23. Qe2 a4 24. b4 $14) 23. Qe2 a4 {[#]} 24.
Qc4 $2 ({Besser war} 24. b4 $1 $16 {, um die Struktur zu stabilisieren. Danach
kann Weiß versuchen, f3 zu spielen und hat bessere Chancen auf Vorteil als in
der Partie.}) 24... axb3 25. axb3 Rfd8 $11 {Schwarz ist seinen schwachen
a-Bauern losgeworden und sollte problemlos Remis machen können.} 26. Rxd8+
Rxd8 27. Bxe4 fxe4 28. Qxe4 Qxb3 29. Qxe5 Qxc2 30. Qe6+ Kf8 31. Qf6+ Ke8 32.
Qe6+ Kf8 33. Qf6+ 1/2-1/2

[Event "World Women-ch k.o."]
[Site "Khanty-Mansiysk"]
[Date "2012.11.22"]
[Round "4.3"]
[White "Stefanova, Antoaneta"]
[Black "Sebag, Marie"]
[Result "1-0"]
[WhiteElo "2491"]
[BlackElo "2521"]
[Annotator "CB"]
[PlyCount "77"]
[EventDate "2012.11.11"]
[EventType "k.o."]
[EventRounds "6"]
[EventCountry "RUS"]
[SourceTitle "CBM 152"]
[Source "ChessBase"]
[SourceDate "2013.01.15"]
[SourceVersion "1"]
[SourceVersionDate "2013.01.15"]
[SourceQuality "1"]
[WhiteClock "0:01:02"]
[BlackClock "0:00:49"]

1. Nf3 d5 2. c4 c6 3. g3 Nf6 4. Bg2 dxc4 5. O-O Nbd7 6. Qc2 Nb6 7. a4 a5 8. Na3
Be6 9. Ng5 Bg4 10. Nxc4 Bxe2 11. Ne5 Bh5 12. b4 e6 13. b5 Bd6 14. Bb2 O-O 15.
bxc6 Rc8 16. Qb1 Bxe5 17. cxb7 Rc5 18. d4 Bg6 $2 {White has a clear advantage,
which is increased by Black's last move.} 19. Ne4 $4 ({With the lovely queen
sacrifice} 19. dxc5 $1 Bxb1 20. Bxe5 {White could finished off here opponent.})
19... Rc4 {Now Black, with the extra piece, in on route to victory.} 20. Rd1
Bc7 21. Ba3 Re8 $2 {Taking on e4 was clearly a better option.} 22. Nxf6+ gxf6
23. Qb5 Bc2 24. Re1 Bxa4 25. Qh5 Bc6 26. Qg4+ Kh8 27. Bxc6 Rxc6 28. Rab1 Qd5
29. Qe2 Nc4 30. Bc5 Bd6 $2 {With this the tide turns against Black.} 31. Rec1
Bxc5 $4 32. b8=Q (32. Qxc4 $1 {would have won on the spot.}) 32... Rxb8 33.
Rxb8+ Kg7 $2 34. Qxc4 Bxd4 $2 35. Qxc6 Qa2 36. Qf3 f5 37. Rbc8 a4 38. R8c2 Qb3
39. Qxb3 {and White wins in the end. A bit like one of Shakespear's comic
plays.} 1-0

[Event "RUS-ch Superfinal"]
[Site "Moscow"]
[Date "2005.12.23"]
[Round "5"]
[White "Tomashevsky, Evgeny"]
[Black "Kramnik, Vladimir"]
[Result "0-1"]
[WhiteElo "2564"]
[BlackElo "2739"]
[Annotator "CB"]
[PlyCount "82"]
[EventDate "2005.12.19"]
[EventType "tourn"]
[EventRounds "11"]
[EventCountry "RUS"]
[EventCategory "17"]
[SourceTitle "CBM 111"]
[Source "ChessBase"]
[SourceDate "2006.04.04"]
[SourceVersion "1"]
[SourceVersionDate "2006.04.04"]
[SourceQuality "1"]

1. Nf3 d5 2. c4 c6 3. e3 Nf6 4. Nc3 e6 5. b3 Nbd7 6. Bb2 Bd6 7. Qc2 O-O 8. h3
b6 9. g4 Bb7 10. g5 Ne8 11. h4 f5 12. Nd4 Qe7 13. Bg2 Rc8 14. f4 Bc5 15. Nce2
Nd6 16. Nf3 dxc4 17. h5 Bb4 18. h6 g6 19. O-O cxb3 20. axb3 a5 21. Rad1 c5 22.
Ba1 Kf7 23. d3 Ke8 24. Nc3 b5 25. Na2 Ba3 26. Qd2 b4 27. Nc1 Kf7 28. Ne2 Kg8
29. Ne1 Bd5 30. Nc2 Bxg2 31. Kxg2 e5 32. Nxa3 bxa3 33. Qc3 Nf7 34. Ng3 Nb6 35.
e4 fxe4 36. dxe4 c4 37. fxe5 cxb3 38. Qxb3 Nc4 39. e6 Qxe6 40. Rf6 Qe7 41. Rdf1
$2 (41. Rd5 $5 Qb4 42. Qd3 Nb6 (42... Nb2 $2 43. Qa6 $18 Qe7 44. Rxg6+ Kh8 45.
Rg7 Rc2+ 46. Kh3 Rc3 47. g6 Rxg3+ 48. Kxg3 Qc7+ 49. Kh3 Qc3+ 50. Qd3 Qxd3+ (
50... Nxd3 51. Bxc3 $18) 51. Rxd3 Nxh6 52. Rxh7+ Kg8 53. Rxa3 $18) 43. Qa6 Rb8
44. Rb5 Qe1 45. Rf1 (45. Rbxb6 Rxb6 46. Rxf7 (46. Rxb6 Qxa1 47. Rxg6+ hxg6 48.
Qxg6+ Kh8 $19) 46... Kxf7 (46... Rxf7 47. Qa8+ Rf8 48. Qd5+ Rf7 49. Qa8+ $11)
47. Qxb6 Qxa1 48. Qb3+ Ke7 49. Qb7+ Ke8 50. Qb8+ $11) 45... Qd2+ 46. Rf2 Qd1
47. Bg7 Nc4 48. Bxf8 Ne3+ 49. Kh2 Rxb5 50. Qxb5 Ng4+ 51. Kg2 Ne3+ 52. Kh2 (52.
Kh3 Qg4+ 53. Kh2 Qh4+ 54. Kg1 Qxg3+ 55. Kh1 Qxf2 $19) 52... Ng4+ 53. Kg2 $11)
41... Qb4 0-1